000 00517nam a2200169Ia 4500
008 230718s9999 xx 000 0 und d
020 _a9780241300978
041 _aeng
082 _a818.5402
_bFRI
100 _aFriedman T.L.
_9110044
245 _aThank You For Being Late
_bAn Optimist's Guide To Thriving In The Age Of Accelerations
260 _c2016
_bAllen Lane
300 _a486
365 _cRs.
_b799.00
700 _aFriedman T.L.
_9110044
906 _dO:0364719-Dec-2016B:259213-Dec-2016
_cGENRL
_b175.78
999 _c343852
_d343852